00486 2200169 4500001002100000008004100021035002000062245005100082100001300133260004900146300002000195520003000215082001600245650002900261990001300290990001300303INLIS000000000000276 ind  a0010-0322000276 aMAKE TIKARAKO (CERITA DAN BUDAYA TORAJA)cIKHA aFIDELARA aJAKARTA SELATANbBINA SUMBER DAYA MIPAc2008 a52 hlm.c25 cm. aCERITA RAKYAT SUKU TORAJA a398.395 986 aCERITA RAKYAT - SULAWESI a102487-1 a102487-2